Tallahatchie County mineral resources: Geology, (Record no. 27855)

MARC details
000 -LEADER
fixed length control field 01255cam a22003131 4500
001 - CONTROL NUMBER
control field gs 42000336
003 - CONTROL NUMBER IDENTIFIER
control field DLC
005 - DATE AND TIME OF LATEST TRANSACTION
control field 20260227111348.0
008 - FIXED-LENGTH DATA ELEMENTS--GENERAL INFORMATION
fixed length control field 780228s1942 msuab b 000 0 eng c
010 ## - LIBRARY OF CONGRESS CONTROL NUMBER
LC control number gs 42000336
035 ## - SYSTEM CONTROL NUMBER
System control number (OCoLC)3677904
040 ## - CATALOGING SOURCE
Original cataloging agency U.S. Geol. Survey. Library
Transcribing agency OT
Modifying agency OCoLC
-- DLC
042 ## - AUTHENTICATION CODE
Authentication code premarc
050 00 - LIBRARY OF CONGRESS CALL NUMBER
Classification number QA120
Item number .A2 no. 50
082 ## - DEWEY DECIMAL CLASSIFICATION NUMBER
Classification number 553
110 2# - MAIN ENTRY--CORPORATE NAME
Corporate name or jurisdiction name as entry element Mississippi Geological, Economic, and Topographical Survey.
245 10 - TITLE STATEMENT
Title Tallahatchie County mineral resources: Geology,
Statement of responsibility, etc. by Richard Randall Priddy; Tests, by Thomas Edwin McCutcheon.
260 ## - PUBLICATION, DISTRIBUTION, ETC.
Place of publication, distribution, etc. University,
Date of publication, distribution, etc. 1942.
300 ## - PHYSICAL DESCRIPTION
Extent 157 p.
Other physical details illus., 2 fold. maps., tables.
Dimensions 23 cm.
490 1# - SERIES STATEMENT
Series statement Its Bulletin
Volume/sequential designation 50
500 ## - GENERAL NOTE
General note "Prepared in cooperation with the Tallahatchie County citizens and the WPA as a report on O.P. 65-1-62-137."
500 ## - GENERAL NOTE
General note At head of title: Mississippi State Geological Survey.
504 ## - BIBLIOGRAPHY, ETC. NOTE
Bibliography, etc. note "References": p. 106.
650 #0 - SUBJECT ADDED ENTRY--TOPICAL TERM
Topical term or geographic name entry element Geology
Geographic subdivision Mississippi
-- Tallahatchie County.
650 #0 - SUBJECT ADDED ENTRY--TOPICAL TERM
Topical term or geographic name entry element Mines and mineral resources
Geographic subdivision Mississippi
-- Tallahatchie County.
700 1# - ADDED ENTRY--PERSONAL NAME
Personal name Priddy, Richard Randall.
700 1# - ADDED ENTRY--PERSONAL NAME
Personal name McCutcheon, Thomas Edwin.
810 2# - SERIES ADDED ENTRY--CORPORATE NAME
Corporate name or jurisdiction name as entry element Mississippi Geological, Economic, and Topographical Survey.
Title of a work Bulletin
Volume/sequential designation 50.

No items available.

Powered by Koha